| 000 | 00703nam a22002177a 4500 | ||
|---|---|---|---|
| 003 | OSt | ||
| 005 | 20210318144208.0 | ||
| 008 | 210318s2002 ck ||||fr ||| 001 0 spa d | ||
| 020 | _a9589100074 | ||
| 040 |
_aCO-JMCR _cCO-JMCR |
||
| 041 | 0 | _aspa | |
| 082 | 0 | 4 |
_a342.861066 / _bB562d _223 |
| 100 | 1 |
_aBetancur Jaramillo, Carlos, _eautor _921911 |
|
| 245 | 1 | 0 |
_aDerecho procesal administrativo / _cCarlos Betancur Jaramillo |
| 260 |
_aMedellín : _bSeñal Editora, _c2002 |
||
| 300 |
_a586 páginas ; _c24 cm. |
||
| 500 | _aIncluye índice alfabético y de materias. | ||
| 650 | 1 | 4 |
_aProcedimiento administrativo _zColombia _98209 |
| 650 | 1 | 4 |
_aDerecho administrativo _zColombia _98206 |
| 942 |
_2ddc _cBK |
||
| 999 |
_c15435 _d15435 |
||